Logo CIB grande

MANUAL DE CONTAMINACION MARINA Y RESTAURACION DEL LITORAL: CONTAMINACION, ACCIDENTES Y CATASTROFES, AGRESIONES A LAS COSTAS Y SOLUCIONES. EL TURISMO DE COSTA, LA PESCA, LA ORDENACION Y LA GESTION DEL (Registro nro. 228941)

Detalles MARC
000 -LEADER
campo de control de longitud fija 00729nam a2200229Ia 4500
005 - FECHA Y HORA DE LA ÚLTIMA TRANSACCIÓN
campo de control 20250425162425.0
008 - DATOS DE LONGITUD FIJA--INFORMACIÓN GENERAL
campo de control de longitud fija 250425s9999 xx 000 0 und d
020 ## - NÚMERO INTERNACIONAL ESTÁNDAR DEL LIBRO
Número Internacional Estándar del Libro 8471149141
041 ## - CÓDIGO DE IDIOMA
Código de lengua del texto/banda sonora o título independiente spa
082 ## - NÚMERO DE LA CLASIFICACIÓN DECIMAL DEWEY
Número de clasificación 628.1686
010 ## - NÚMERO DE CONTROL DE LA BIBLIOTECA DEL CONGRESO
Número de control de LC 72688
100 ## - ENTRADA PRINCIPAL--NOMBRE DE PERSONA
Nombre de persona SEOANEZ CALVO, MARIANO
245 #0 - MENCIÓN DEL TÍTULO
Título MANUAL DE CONTAMINACION MARINA Y RESTAURACION DEL LITORAL: CONTAMINACION, ACCIDENTES Y CATASTROFES, AGRESIONES A LAS COSTAS Y SOLUCIONES. EL TURISMO DE COSTA, LA PESCA, LA ORDENACION Y LA GESTION DEL
250 ## - MENCION DE EDICION
Mención de edición 1A ED.
260 ## - PUBLICACIÓN, DISTRIBUCIÓN, ETC.
Lugar de publicación, distribución, etc. España
Nombre del editor, distribuidor, etc. MUNDI PRENSA
Fecha de publicación, distribución, etc. 2000
260 ## - PUBLICACIÓN, DISTRIBUCIÓN, ETC.
Lugar de publicación, distribución, etc. MADRID
300 ## - DESCRIPCIÓN FÍSICA
Extensión 565
650 ## - PUNTO DE ACCESO ADICIONAL DE MATERIA--TÉRMINO DE MATERIA
Término de materia o nombre geográfico como elemento de entrada CONTAMINACION DEL MAR
650 ## - PUNTO DE ACCESO ADICIONAL DE MATERIA--TÉRMINO DE MATERIA
Término de materia o nombre geográfico como elemento de entrada CONTAMINACION MARINA
650 ## - PUNTO DE ACCESO ADICIONAL DE MATERIA--TÉRMINO DE MATERIA
Término de materia o nombre geográfico como elemento de entrada ECOSISTEMAS MARINOS
942 ## - ELEMENTOS DE ENTRADA SECUNDARIOS (KOHA)
Tipo de ítem Koha Libros
Existencias
Estatus retirado Estado de pérdida Estado de daño No para préstamo Biblioteca de origen Biblioteca actual Ubicación en estantería Fecha de adquisición Coste, precio normal de compra Etiqueta RFID Total de préstamos Código de barras Copia número Tipo de ítem Koha
        CENTRO DE INFORMACIÓN BIBLIOTECARIA CENTRO DE INFORMACIÓN BIBLIOTECARIA   15/01/2010 70.00 0000000000000000014506   54195 1 Libros

Copyright 2025 ESPOL. Todos los derechos reservados.